Movies Quiz

Random Movies or Actress Quiz
Score 0/18 Timer 06:00
6 Plays Today
% Correct
Speed 2:
Tom Cruise Control
90.3%
Harry Potter and the
Sorcerer's Emma Stone
85.4%
Fantastic Mr.
Michael J. Fox
85.1%
The Jeff Bridges
of Madison County
84.6%
The Helen Hunt
for Red October
83.6%
Fifty Shades of
Jennifer Grey
81%
The Doris Day
After Tomorrow
79.2%
Geoffrey Rush
Hour
74.7%
The Michael Caine
Mutiny
71.7%
% Correct
The Carrie Fisher
King
70.8%
Saving Mr.
Elizabeth Banks
70.7%
10 Cloverfield
Diane Lane
70.7%
Flight of the
River Phoenix
70.7%
La Nicolas Cage
aux Folles
70.5%
The Adventures of
Harrison Ford Fairlane
68.4%
Moscow on the
Rock Hudson
65.2%
The Deer
Holly Hunter
65%
Bryce Dallas Howard
The Duck
63.2%
Remove Ads.
Support Sporcle.
Get the best of Sporcle when you Go Orange. This ad-free experience offers more features, more stats, and more fun while also helping to support Sporcle. Thank you for becoming a member.

You're not logged in!

Compare scores with friends on all Sporcle quizzes.
OR
Log In

Show Comments

Extras

Top Quizzes Today


Score Distribution

Your Account Isn't Verified!

In order to create a playlist on Sporcle, you need to verify the email address you used during registration. Go to your Sporcle Settings to finish the process.

Report this User

Report this user for behavior that violates our Community Guidelines.

Details: